Kings and Queens of England - Statistics

General Stats
  • This quiz has been taken 4,628 times
  • The average score is 37 of 60
Answer Stats
Hint Answer % Correct
Edward the elder
90%
Elizabeth I
88%
Henry I
88%
Henry V
88%
Elizabeth II
87%
Henry II
87%
Henry VI
87%
Henry VI
87%
Henry III
86%
Henry VII
86%
William I
86%
George I
85%
George II
85%
Henry VIII
85%
Edward I
84%
George III
84%
Henry IV
84%
Mary
84%
Victoria
84%
Edward II
83%
Edward V
83%
George V
83%
William II
83%
Edward VI
82%
George IV
82%
Charles I
81%
George VI
81%
Charles II
80%
Edward III
80%
Edward IV
80%
Edward VII
80%
Richard I
79%
James I
78%
William III
78%
Edward VIII
77%
John
77%
Richard II
77%
James II
76%
Richard III
74%
William IV
72%
Anne
71%
Stephen
64%
Edward the Confessor
33%
Matilda
33%
Alfred the Great
31%
Cnut
25%
Harold Godwinson
20%
Edgar the Peaceful
18%
Aethelred the Unready
16%
Edmund I
16%
Harthacnut
11%
Edmund Ironside
9%
Edward the Martyr
9%
Sweyn Forkbeard
9%
Eadred
8%
Eadwig
8%
Harold Harefoot
8%
Aethelstan
7%
Aelfweard
2%
Edgar the Aetheling
2%
No matching quizzes found
Score Distribution
Percent of People with Each Score
Percentile by Number Answered
Your Score History
You have not taken this quiz